Statystyki dla najlepsze karty fifa 22

Kliknij tutaj aby rozwiązać quiz!

Ogólne statystyki

  • Ten quiz został rozwiązany 155 razy
  • Średni wynik to 6 z 19

Statystyki odpowiedzi

ovrlOdpowiedź% Poprawnych
99messi
98%
97ronaldo
98%
99Pelé
73%
98lewandowski
70%
97mbappe
67%
98maradona
58%
98benzema
45%
97salah
33%
97modrić
24%
97dias
13%
97jorginho
10%
97kimmich
10%
97leao
10%
97son
5%
97marcelo
4%
99c.ronaldo
3%
97zidiane
2%
96chiellni
0%
96fernadinho
0%

Rozkład punktacji

Percentyl według liczby udzielonych odpowiedzi

Procent ludzi z każdym wynikiem

Twoja historia wyników

Nie rozwiązałeś tego quizu